Principles of Microeconomics: (Record no. 6144)
[ view plain ]
| 000 -LEADER | |
|---|---|
| fixed length control field | 00548nam a22001817a 4500 |
| 003 - CONTROL NUMBER IDENTIFIER | |
| control field | OSt |
| 005 - DATE AND TIME OF LATEST TRANSACTION | |
| control field | 20260305122821.0 |
| 008 - FIXED-LENGTH DATA ELEMENTS--GENERAL INFORMATION | |
| fixed length control field | 260305b |||||||| |||| 00| 0 eng d |
| 020 ## - INTERNATIONAL STANDARD BOOK NUMBER | |
| International Standard Book Number | 9783031672323 |
| 020 ## - INTERNATIONAL STANDARD BOOK NUMBER | |
| International Standard Book Number | 9783031672330 |
| 040 ## - CATALOGING SOURCE | |
| Transcribing agency | KABLIB |
| Modifying agency | KABLIB |
| 082 ## - DEWEY DECIMAL CLASSIFICATION NUMBER | |
| Edition number | 23 |
| Classification number | 338.5 |
| Item number | MIL |
| 100 ## - MAIN ENTRY--PERSONAL NAME | |
| Personal name | Milovanska-Farringon Stefani |
| Relator term | Author |
| 9 (RLIN) | 15609 |
| 245 ## - TITLE STATEMENT | |
| Title | Principles of Microeconomics: |
| Remainder of title | From theory to practice and Applications/ |
| Statement of responsibility, etc. | Stefani Milovanska-Farringon |
| 300 ## - PHYSICAL DESCRIPTION | |
| Extent | xxix, 408, p. ; |
| Dimensions | 25 cm |
| 504 ## - BIBLIOGRAPHY, ETC. NOTE | |
| Bibliography, etc. note | include index |
| 942 ## - ADDED ENTRY ELEMENTS (KOHA) | |
| Source of classification or shelving scheme | Dewey Decimal Classification |
| Koha item type | Book |
| Withdrawn status | Lost status | Source of classification or shelving scheme | Damaged status | Not for loan | Home library | Current library | Date acquired | Total Checkouts | Full call number | Barcode | Date last seen | Price effective from | Koha item type |
|---|---|---|---|---|---|---|---|---|---|---|---|---|---|
| Dewey Decimal Classification | Mukombe Library | Mukombe Library | 05.03.2026 | 338.5 MIL | 14698 | 05.03.2026 | 05.03.2026 | Book | |||||
| Dewey Decimal Classification | Mukombe Library | Mukombe Library | 05.03.2026 | 338.5 MIL | 14699 | 05.03.2026 | 05.03.2026 | Book |